000
00260nam a22001217a 4500
008
170817b xxu||||| |||| 00| 0 eng d
041
_a
eng
080
_2
2ND
_a
51
100
_a
36
101
_a
MAT
245
_a
APPLIED CALCULUS
_c
TAYLOR,C.D
942
_2
udc
_c
BK
999
_c
23809
_d
23809